<?xml version="1.0" encoding="UTF-8"?>
<record
    xmlns:xsi="http://www.w3.org/2001/XMLSchema-instance"
    xsi:schemaLocation="http://www.loc.gov/MARC21/slim http://www.loc.gov/standards/marcxml/schema/MARC21slim.xsd"
    xmlns="http://www.loc.gov/MARC21/slim">

  <leader>01266nam a2200265 a 4500</leader>
  <controlfield tag="001">000054897</controlfield>
  <controlfield tag="005">20200120222932.0</controlfield>
  <controlfield tag="008">080219s1992    ck d   gr0    0     spa d</controlfield>
  <datafield tag="082" ind1="0" ind2="4">
    <subfield code="a">918.6151</subfield>
    <subfield code="b">R22</subfield>
  </datafield>
  <datafield tag="100" ind1="1" ind2=" ">
    <subfield code="a">Reclus, Elis&#xE9;e,</subfield>
    <subfield code="d">1830-1905.</subfield>
  </datafield>
  <datafield tag="245" ind1="1" ind2="0">
    <subfield code="a">Viaje &#xE1; la Sierra Nevada de Santa Marta /</subfield>
    <subfield code="c">Elis&#xE9;e Reclus ; consejo editorial : Camilo Calder&#xF3;n ... [et al.]. ; direcci&#xF3;n editorial : Conrado Zuluaga ; coordinaci&#xF3;n editorial : Liliana Mun&#xE9;var y Ana Mar&#xED;a Sierra ; dise&#xF1;o : Marta Granados.</subfield>
  </datafield>
  <datafield tag="250" ind1=" " ind2=" ">
    <subfield code="a">1a. ed.</subfield>
  </datafield>
  <datafield tag="260" ind1=" " ind2=" ">
    <subfield code="a">Bogot&#xE1; :</subfield>
    <subfield code="b">Presidencia de la Republica. Comisi&#xF3;n Preparatoria para el V Centenario del Descubrimiento de Am&#xE9;rica : Instituto Colombiano de Cultura,</subfield>
    <subfield code="c">1992.</subfield>
  </datafield>
  <datafield tag="300" ind1=" " ind2=" ">
    <subfield code="a">257 p.</subfield>
  </datafield>
  <datafield tag="490" ind1="0" ind2=" ">
    <subfield code="a">Biblioteca V Centenario Colcultura. Viajeros por Colombia</subfield>
  </datafield>
  <datafield tag="500" ind1=" " ind2=" ">
    <subfield code="a">Edici&#xF3;n conmemorativa del Quinto Centenario del Descubrimiento de Am&#xE9;rica.</subfield>
  </datafield>
  <datafield tag="651" ind1=" " ind2="4">
    <subfield code="a">Santa Marta (Colombia)</subfield>
    <subfield code="z">Descripciones y viajes</subfield>
  </datafield>
  <datafield tag="651" ind1=" " ind2="4">
    <subfield code="a">Cartagena (Colombia)</subfield>
    <subfield code="x">Descripciones y viajes</subfield>
  </datafield>
  <datafield tag="651" ind1=" " ind2="4">
    <subfield code="a">Sierra Nevada de Santa Marta (Colombia)</subfield>
  </datafield>
  <datafield tag="700" ind1="1" ind2=" ">
    <subfield code="a">Calder&#xF3;n, Camilo,</subfield>
    <subfield code="e">ed.</subfield>
  </datafield>
  <datafield tag="700" ind1="1" ind2=" ">
    <subfield code="a">Zuluaga, Conrado,</subfield>
    <subfield code="e">dir.</subfield>
  </datafield>
  <datafield tag="700" ind1="1" ind2=" ">
    <subfield code="a">Mun&#xE9;var, Liliana,</subfield>
    <subfield code="e">coor.</subfield>
  </datafield>
  <datafield tag="700" ind1="1" ind2=" ">
    <subfield code="a">Sierra, Ana Mar&#xED;a,</subfield>
    <subfield code="e">coor.</subfield>
  </datafield>
  <datafield tag="700" ind1="1" ind2=" ">
    <subfield code="a">Granados, Marta,</subfield>
    <subfield code="e">dise.</subfield>
  </datafield>
  <datafield tag="999" ind1=" " ind2=" ">
    <subfield code="c">4467</subfield>
    <subfield code="d">4467</subfield>
  </datafield>
  <datafield tag="952" ind1=" " ind2=" ">
    <subfield code="0">0</subfield>
    <subfield code="1">0</subfield>
    <subfield code="2">ddc</subfield>
    <subfield code="4">0</subfield>
    <subfield code="7">0</subfield>
    <subfield code="8">GEN</subfield>
    <subfield code="a">BPMOS</subfield>
    <subfield code="b">BPMOS</subfield>
    <subfield code="d">2020-01-20</subfield>
    <subfield code="i">108897</subfield>
    <subfield code="l">0</subfield>
    <subfield code="o">918.6151 R22</subfield>
    <subfield code="p">MOS003920</subfield>
    <subfield code="r">2020-01-20</subfield>
    <subfield code="t">ej.1</subfield>
    <subfield code="w">2020-01-20</subfield>
    <subfield code="y">BK</subfield>
    <subfield code="z">Ocho d&#xED;as</subfield>
  </datafield>
</record>
